Statistics for Puerto Rico Trivia

Click here to take the quiz!

General Stats

  • This quiz has been taken 9,583 times
    (9,454 since last reset)
  • The average score is 13 of 20

Answer Stats

HintAnswer% Correct
Sea in which Puerto Rico liesCaribbean Sea
97%
Puerto Rico marks the southern point of this mysterious region{Bermuda} Triangle
92%
Biggest city and capitalSan Juan
90%
In 2017, Puerto Rico was visited by Irma and Maria. What were they?Hurricanes
87%
First European explorer to "discover" Puerto RicoChristopher Columbus
86%
Puerto Rico is one of five organized territories in the United States.
Name one of the others.
Guam /
U.S. Virgin Islands /
Northern Mariana Islands /
American Samoa
86%
Island chain Puerto Rico is part ofGreater {Antilles}
85%
Nearest foreign country (not counting overseas territories)Dominican Republic
79%
Meaning of "Puerto Rico" in SpanishRich Port
74%
El Yunque is the only one of these type of forests in the U.S. forest systemTropical rain forest
73%
What are Puerto Ricans exempt from that other Americans are not?Federal income tax
71%
Singer of "Livin' la Vida Loca"Ricky Martin
71%
War in which the United States acquired Puerto RicoSpanish–American War
66%
Actor who starred in "Joker" and "Gladiator"Joaquin Phoenix
64%
Song featured in the aboveDespacito
60%
Singer who once held the record for the most-viewed YouTube music videoLuis Fonsi
45%
What are Vieques, Culebra, and Mona?Islands
32%
In Arecibo, you'll find a giant dish-shaped structure over 300 meters in diameter.
What is it?
Radio telescope
31%
What type of animal is a Coquí, named for the sound that it makes?Frog
30%
Name one of the five most populous cities other than the capital.Bayamón / Carolina /
Ponce / Caguas
24%

Score Distribution

Percentile by Number Answered

Percent of People with Each Score

Your Score History

You have not taken this quiz since the last reset